| 000 | 00506nam a22001691a 4500 | ||
|---|---|---|---|
| 001 | 12353 | ||
| 003 | OSt | ||
| 005 | 20260204212323.0 | ||
| 008 | 150629s2009|||| ||||||b||||||||||spa|| | ||
| 020 | _a9788845427790 | ||
| 082 | _aRd 972.93053 H27t | ||
| 100 | _aHasbun Espinal Judet | ||
| 245 | _aHsbun Espinal Judet/ el trujillo que yo conoci y otros relatos /Judet Hsbun Espinal | ||
| 264 | _aRepublica Dominicana Editora buo | ||
| 650 | _a1-HISTORIA - TRUJILLO REPUBLICA DOMINICANAĆ | ||
| 942 |
_2ddc _cBK |
||
| 999 |
_c12353 _d12353 |
||